000
00222nam a2200097Ia 4500
005
20251222120159.0
008
251222s1900||||xx |||||||||||||| ||spa||
082
_a
DVD0070/S51/1950
245
0
_a
Milagro en Milan:
942
_c
DVD
999
_c
2366
_d
2366